| 000 | 00503cam a2200181ua 4500 | ||
|---|---|---|---|
| 041 |
_aeng _h |
||
| 082 |
_a631 _bBHA/MA |
||
| 100 | _aBharadwaj, K C . | ||
| 245 |
_aMaterials and manufacturing processes for agricultural machines / _cK C Bharadwaj. _hTextual Documents |
||
| 260 |
_aBhopal : _bCentre Institute of Agricultural Engineering , _c2003. |
||
| 300 | _a347 ; . | ||
| 504 | _a | ||
| 942 | _cBK | ||
| 999 |
_c400 _d400 |
||